• 首页
  • 本馆介绍
  • 公告通知
  • 最新文献
  • 馆藏检索
  • 电子资源
  • 读者导购
  • 参考咨询
  • 我的图书馆
  • 登录
  • 详细信息显示
  • 放入我的书架
  • 预约/预借图书
  • 作者相关作品
  • 分类相关作品
  • 丛书相关作品
  • 出版社相关作品

书目信息

  • 表格格式
  • 工作单格式
  • 卡片格式
题名:
边缘与突破
    
 
作者: 吴翔 著 ;吴翔 著
分册:  
出版信息: 石家庄   河北美术出版社  2003
页数: 122 页
开本: cm
丛书名:
单 册:
中图分类: TB472
科图分类:
主题词: 边缘与突破
电子资源:
ISBN: 7-5310-2139-0
000 00595nam0 2200217 450
001 0000143558
005 20070718171928.54
010    @a7-5310-2139-0@dCNY29.00
100    @a19980227d2003 ekmy0chiy0121 ea
101 1  @achi
102    @aCN@b130000
105    @ay z 000yy
200 1  @a边缘与突破@ABian Yuan Yu Tu Po@f吴翔 著@FWu Xiang Zhu@g译
210    @a石家庄@c河北美术出版社@d2003
215    @a122 页@c图@dcm
606    @a边缘与突破
690    @aTB472@v4
701  0 @a吴翔 著@AWu Xiang Zhu
702  0 @a吴翔 著@AWu Xiang Zhu
801  0 @aCN@bPFT@c20070718
905    @a10447@dTB472@e163
    
    边缘与突破/吴翔 著/译.-石家庄:河北美术出版社,2003
    122 页:图;cm
    
    
    ISBN 7-5310-2139-0:CNY29.00
    
●
相关链接 在E读中查询图书 在五车中查询图书 在当当中查询图书 在豆瓣中查询图书


正题名:边缘与突破     索取号:TB472/163         预约/预借

序号 登录号 条形码 馆藏地/架位号 状态 备注
1 0780520   207805204   第二样本阅览室/ [索取号:TB472/163] 在馆    
2 0780521   207805213   密集书库/ [索取号:TB472/163] 在馆    
3 0780522   207805222   第三借阅区/ [索取号:TB472/163] 在馆    
4 0780523   207805231   第三借阅区/ [索取号:TB472/163] 在馆    
5 0780524   207805240   密集书库/ [索取号:TB472/163] 在馆    
6 0780525   207805259   密集书库/ [索取号:TB472/163] 在馆    
唐山师范学院图书馆 欢迎您!
大连网信软件有限公司© 版权所有